| 000 | 00402cam a2200145ua 4500 | ||
|---|---|---|---|
| 041 |
_aeng _h |
||
| 082 |
_a822 _bSHA/FI |
||
| 100 | _aShakespeare, William. | ||
| 245 |
_aFirst part of the History of Henry 4, part 1 / _cWilliam Shakespeare. _hTextual Documents |
||
| 260 |
_aLondon : _bCambridge at the University Press , _c1958. |
||
| 300 | _a116 ; . | ||
| 504 | _a | ||
| 942 | _cBK | ||
| 999 |
_c669 _d669 |
||